00802nam a2200205 i 4500001000300000100003000003245017800033260004800211300001100259490003700270830003400307040000800341041000800349080002700357942000700384008004100391999001700432856009800449952004900547bg1 aGóral, Jerzyd(1944- ). 0aPrzepisy o informacji naukowej, technicznej i ekonomicznej-wykaz wybranych aktów prawnych z adnotacjami. [Według stanu na dzień 30 września 1980 r.] /cJerzy Góral. aWarszawa :b[CINTe Wydawn. Inform.],c1980. as. 30.1 aSINTO-Materiały Metodyczne ;v2 aSINTO-Materiały Metodyczne ; cBPK apol a016:342.951:002.1(438) cKS s pl f |000 0 pol  c19730d19730 uhttp://koha.tu.koszalin.pl/cgi-bin/koha/opac-detail.pl?biblionumber=19730yKatalog online BPK 00104070aBPKbBPKcwo27801p02188508yKS